Villes de France - Par panorama # 3 - Statistiques

Statistiques générales
  • Ce quiz a été pris 50 fois
  • Le résultat moyen est 4 sur 20
Statistiques - réponses
Par images Réponse % Correct
Paris
95%
Nîmes
59%
Metz
39%
Le Puy-en-Velay
34%
Saint-Étienne
22%
Bayonne
20%
Auxerre
17%
Foix
15%
Évreux
12%
Aurillac
10%
Fort-de-France
10%
Mâcon
10%
Auch
7%
Guéret
7%
Massy
7%
Mont-de-Marsan
7%
Digne-les-Bains
5%
Soissons
5%
Brive-la-Gaillarde
2%
Dôle
2%
Aucun quiz correspondant
Distribution des résultats
% des personnes avec chaque résultat
Percentile par nombre de réponses
Votre historique - résultats
Vous n’avez pas pris ce quiz